ბათუმის შოთა რუსთაველის სახელმწიფო უნივერსიტეტის ბიბლიოთეკა

თხზულებანი ოთხ ტომად. ტ.4. წერილები. თვალადური ქართულის ჭაშნიკი (ბიბ.ჩანაწერი № 48330)

000 -LEADER
fixed length control field 00939nam a2200229Ia 4500
001 - CONTROL NUMBER
control field 15218
003 - CONTROL NUMBER IDENTIFIER
control field GE_BSU
008 - FIXED-LENGTH DATA ELEMENTS--GENERAL INFORMATION
fixed length control field 181216s||||||||xx |||||||||||||| ||und||
040 ## - CATALOGING SOURCE
Transcribing agency GE_BSU
080 ## - UNIVERSAL DECIMAL CLASSIFICATION NUMBER
Universal Decimal Classification number 821.353.1+821.353.1-32+821.353.1-92
100 ## - MAIN ENTRY--PERSONAL NAME
Personal name შატბერაშვილი,გიორგი
245 ## - TITLE STATEMENT
Title თხზულებანი ოთხ ტომად. ტ.4. წერილები. თვალადური ქართულის ჭაშნიკი
245 ## - TITLE STATEMENT
Statement of responsibility, etc. რედ.შ.მირცხულავა. მხატვ. დ. დუნდუა
260 ## - PUBLICATION, DISTRIBUTION, ETC.
Place of publication, distribution, etc. თბილისი
260 ## - PUBLICATION, DISTRIBUTION, ETC.
Name of publisher, distributor, etc. საბჭოთა საქართველო
260 ## - PUBLICATION, DISTRIBUTION, ETC.
Date of publication, distribution, etc. 1975
300 ## - PHYSICAL DESCRIPTION
Extent 440გვ.20სმ.
653 ## - INDEX TERM--UNCONTROLLED
Uncontrolled term თვალადური ქართულის ჭაშნიკი
653 ## - INDEX TERM--UNCONTROLLED
Uncontrolled term თხზულებანი
653 ## - INDEX TERM--UNCONTROLLED
Uncontrolled term წერილები
942 ## - ADDED ENTRY ELEMENTS (KOHA)
Koha item type წიგნი
ეგზემპლარები
Withdrawn status Lost status Damaged status Not for loan Date acquired Barcode Date last seen Price effective from Koha item type
        2018-12-17 38266 2018-12-17 2018-12-17 წიგნი
        2018-12-17 38267 2018-12-17 2018-12-17 წიგნი